Tina Turner "The Best" Lyrics - Statistics

General Stats
  • This quiz has been taken 76 times
  • The average score is 41 of 55
Answer Stats
Hint Answer % Correct
I call you when I need you, my heart's on ____ fire
98%
You're ______ the best simply
94%
Better than all the ____ rest
92%
Give me __________ I need everything
90%
Anyone I've ever ___ met
90%
Tear us _____ apart
89%
Better than ______ anyone
87%
I hang on every ____ you say word
87%
Better than all the ____ rest
86%
Better than ______ anyone
83%
Don't tear us _____, no, no, no apart
83%
You're ______ the best simply
83%
I hang on every ____ you say word
83%
Anyone I've ever ___ met
81%
Better than all the ____ rest
81%
Take my _____ and make it strong, baby heart
79%
Anyone I've ever ___ met
79%
I hang on every ____ you say word
79%
Better than ______ anyone
78%
Baby I would rather be ____ dead
78%
Speak a ________ of love like you know what it means language
78%
Don't tear us _____, no, no apart
76%
You're the ____ best
76%
I could be in no better _____ place
76%
I'm _____ on your heart stuck
76%
You're the ____ best
75%
Ooo you're the ____, oh best
75%
Anyone I've ever ___ met
75%
Better than all the ____ rest
75%
You come to me, come to me ____ and ____ wild
75%
Better than ______ anyone
73%
Don't tear us _____, no, no, no apart
73%
Baby I would rather be ____ dead
73%
I'm _____ on your heart stuck
73%
Ooh, I'm _____ on your heart stuck
73%
I hang on every ____ you say word
73%
You ____ to me come
71%
Ooh, you're ______ the best simply
71%
Just as long as I'm here in your ____ arms
70%
Oh ____, don't let go baby
70%
Oh, you're the ____ best
68%
Give me a lifetime of promises and a world of ______ dreams
68%
Baby I would rather be ____ dead
67%
Each time you leave me, I start ______ control losing
67%
Baby I would rather be ____ dead
65%
Anyone I've ever ___ met
65%
You're better than all the ____ rest
65%
I'm _____ on your heart, baby stuck
65%
And it can't be _____ wrong
65%
Better than ______ anyone
63%
In your ____, I get lost, I get washed away eyes
63%
Ooh, you're ___ ____ the best
63%
I can feel you even when I'm _____ alone
51%
You're _______ away with my heart and my soul walking
46%
In your heart, I see the ____ of every night and every day star
37%
No matching quizzes found
Score Distribution
Percent of People with Each Score
Percentile by Number Answered
Your Score History
You have not taken this quiz